000 00273nam a2200121Ia 4500
008 140130s9999 xx 000 0 und d
245 _cKimberly Wienberger
_aWinter Is Here
260 _bScholastic,
_c1997
440 _v1
521 _aBR
942 _cBK
999 _c41574
_d41574